Machiavelli, marketing, and management

Bibliographic Details
Corporate Author: ProQuest (Firm)
Other Authors: Harris, Phil, 1952-, Lock, Andrew, 1947-, Rees, Patricia.
Format: Electronic eBook
Language:English
Published: London ; New York : Routledge, 2000.
Subjects:
Online Access:Click to View
LEADER 01434nam a2200409Ia 4500
001 EBC170169
003 MiAaPQ
005 20200520144314.0
006 m o d |
007 cr cn|||||||||
008 000104s2000 enka sb 001 0 eng d
010 |z  00021043  
020 |z 0203462173 
020 |z 0415216699 (hc.) 
020 |z 0415216702 (pbk.) 
035 |a (MiAaPQ)EBC170169 
035 |a (Au-PeEL)EBL170169 
035 |a (CaPaEBR)ebr10054126 
035 |a (CaONFJC)MIL31770 
035 |a (OCoLC)437078723 
040 |a MiAaPQ  |c MiAaPQ  |d MiAaPQ 
050 4 |a HD31  |b .M28133 2000 
082 0 4 |a 658  |2 21 
245 0 0 |a Machiavelli, marketing, and management  |h [electronic resource] /  |c edited by Phil Harris, Andrew Lock and Patricia Rees. 
260 |a London ;  |a New York :  |b Routledge,  |c 2000. 
300 |a xiii, 242 p. :  |b ill. 
504 |a Includes bibliographical references and index. 
533 |a Electronic reproduction. Ann Arbor, MI : ProQuest, 2015. Available via World Wide Web. Access may be limited to ProQuest affiliated libraries. 
600 1 0 |a Machiavelli, Niccolo,  |d 1469-1527. 
650 0 |a Management. 
650 0 |a Marketing. 
655 4 |a Electronic books. 
700 1 |a Harris, Phil,  |d 1952- 
700 1 |a Lock, Andrew,  |d 1947- 
700 1 |a Rees, Patricia. 
710 2 |a ProQuest (Firm) 
856 4 0 |u https://ebookcentral.proquest.com/lib/matrademy/detail.action?docID=170169  |z Click to View